<?xml version="1.0" encoding="UTF-8"?>
<record
    xmlns:xsi="http://www.w3.org/2001/XMLSchema-instance"
    xsi:schemaLocation="http://www.loc.gov/MARC21/slim http://www.loc.gov/standards/marcxml/schema/MARC21slim.xsd"
    xmlns="http://www.loc.gov/MARC21/slim">

  <leader>01823    a2200217   4500</leader>
  <controlfield tag="001">55711</controlfield>
  <controlfield tag="005">20260407155829.0</controlfield>
  <controlfield tag="008">260407a1988    arg                 spa d</controlfield>
  <controlfield tag="003">AR-UNSa-BCEJYS</controlfield>
  <datafield tag="040" ind1=" " ind2=" ">
    <subfield code="a">AR-UNSa-BCEJYS</subfield>
    <subfield code="b">spa</subfield>
    <subfield code="c">AR-UNSa-BCEJYS</subfield>
  </datafield>
  <datafield tag="080" ind1=" " ind2=" ">
    <subfield code="a">342.25</subfield>
    <subfield code="x">Centralizaci&#xF3;n y descentralizaci&#xF3;n. Autonom&#xED;a regional. Transferencia de poderes. Autonom&#xED;a local (Home rule). &#xD3;rganos locales del gobierno central</subfield>
  </datafield>
  <datafield tag="245" ind1="1" ind2="0">
    <subfield code="a">Las autonomias territoriales y el principio de uniformidad de las condiciones de vida</subfield>
  </datafield>
  <datafield tag="020" ind1=" " ind2=" ">
    <subfield code="a">84-7088-462-X</subfield>
  </datafield>
  <datafield tag="264" ind1=" " ind2="1">
    <subfield code="a">Madrid :</subfield>
    <subfield code="b">Instituto Nacional de Administraci&#xF3;n P&#xFA;blica (INAP)</subfield>
    <subfield code="c">1988</subfield>
  </datafield>
  <datafield tag="300" ind1=" " ind2=" ">
    <subfield code="a">360 p.</subfield>
    <subfield code="c">21 cm.</subfield>
  </datafield>
  <datafield tag="505" ind1=" " ind2=" ">
    <subfield code="a">Introducci&#xF3;n &#x2013; Titulo Primero: La uniformidad de condiciones de vida en la rep&#xFA;blica federal alemana: 1. La uniformidad de las condiciones de vida en el constitucionalismo alem&#xE1;n &#x2013; 2. Las manifestaciones de la uniformidad de las condiciones de vida en la &#x201C;Grundgestz&#x201D; &#x2013; 3. Perspectivas y l&#xED;mites de la uniformidad de condiciones de vida en el moderno federalismo &#x2013; Titilo II: El principio de uniformidad de las condiciones de vida en el estado de las autonom&#xED;as &#x2013; 1. Los caracteres del estado de las autonom&#xED;as &#x2013; 2. Delimitaciones del principio de uniformidad de las condiciones de vida en la constituci&#xF3;n espa&#xF1;ola &#x2013; 3. Las reglas constitucionales determinantes de una uniformidad fundamental &#x2013; 4. Desarrollo del principio de uniformidad de las condiciones de vida en la Constituci&#xF3;n &#x2013; 5. El principio de uniformidad de las condiciones de vida en la financiaci&#xF3;n de las comunidades aut&#xF3;nomas &#x2013; 4. La aplicaci&#xF3;n de la uniformidad de condiciones de vida por el tribunal constitucional  </subfield>
  </datafield>
  <datafield tag="041" ind1=" " ind2=" ">
    <subfield code="a">spa</subfield>
  </datafield>
  <datafield tag="942" ind1=" " ind2=" ">
    <subfield code="c">BK</subfield>
  </datafield>
  <datafield tag="590" ind1=" " ind2=" ">
    <subfield code="a">niveau_biblio:m niveau_hierar:0</subfield>
  </datafield>
  <datafield tag="100" ind1="1" ind2=" ">
    <subfield code="a">Ba&#xF1;o Leon, Jos&#xE9; Mar&#xED;a</subfield>
  </datafield>
  <datafield tag="999" ind1=" " ind2=" ">
    <subfield code="c">5976</subfield>
    <subfield code="d">5976</subfield>
  </datafield>
  <datafield tag="952" ind1=" " ind2=" ">
    <subfield code="0">0</subfield>
    <subfield code="1">0</subfield>
    <subfield code="4">0</subfield>
    <subfield code="7">0</subfield>
    <subfield code="a">BCEJYS</subfield>
    <subfield code="b">BCEJYS</subfield>
    <subfield code="c">16</subfield>
    <subfield code="d">2026-04-07</subfield>
    <subfield code="l">0</subfield>
    <subfield code="o">342.25 B212</subfield>
    <subfield code="p">L58225</subfield>
    <subfield code="r">2026-04-07 15:58:29</subfield>
    <subfield code="w">2026-04-07</subfield>
    <subfield code="y">L</subfield>
  </datafield>
</record>
